Código de Procedimiento Civil: sistematizado con jurisprudencia

Guardat en:
Dades bibliogràfiques
Autor corporatiu: Chile
Altres autors: Hoyos de la Barrera, María Teresa
Format: Llibre
Idioma:espanyol
Publicat: Santiago, Chile: Legal Publishing; Thomson Reuters, 2015
Matèries:
Etiquetes: Afegir etiqueta
Sense etiquetes, Sigues el primer a etiquetar aquest registre!

MARC

LEADER 00000cam a2200000 a 4500
001 UCE8115
003 CL-VaPUC
005 20250416110212.0
008 150728e20150000cl |||||||||||||||||spa|d
999 |c 360065  |d 360063 
020 |a 9789563466836 
040 |c Pontificia Universidad Católica de Valparaíso 
082 0 4 |a 347.83 CHI 2015  |2 21 
110 1 |a Chile  |9 890760 
245 1 0 |a Código de Procedimiento Civil: sistematizado con jurisprudencia 
260 |a Santiago, Chile:  |b Legal Publishing;  |b Thomson Reuters,  |c 2015 
300 |a 868 páginas 
505 |a Mensaje del Código de Procedimiento Civil. Mensaje con que S.E. el Presidente de la República acompañó al Congreso Nacional el Proyecto de Ley sobre Modificaciones al Código de Procedimiento Civil. -Libro Primero. Disposiciones Comunes a Todo Procedimiento. -Libro Segundo. Del Juicio Ordinario. -Libro Tercero. De los Juicios Especiales. -Libro Cuarto. De los Actos Judiciales No Contenciosos 
583 |a last modification  |c 20150728 02:04:00  |k Rodrigo Vera 
650 1 |a Derecho civil chileno  |9 320612 
650 1 |a Procedimiento civil   |z Chile  |9 890903 
650 1 0 |a Código civil chileno  |9 255931 
650 1 |a Juicio ordinario   |9 254867 
650 1 |a Juicios especiales   |9 348378 
650 1 |a Actos judiciales no contenciosos   |9 391844 
650 1 |a Jurisprudencia procesal  |9 254972 
700 |a Hoyos de la Barrera, María Teresa  |9 814204 
942 |c BK  |2 ddc 
945 |d 20150728 02:04:00  |a dcastane 
952 |0 0  |1 0  |3 erb  |4 0  |6 347_830000000000000_CHI_2015  |7 0  |8 R  |9 469692  |a BIBDER  |b BIBDER  |i 5191033  |o 347.83 CHI 2015  |p 5191033  |r 2023-01-25  |w 2019-11-23  |y BK_R  |z Catalogado en:20150728  |k DER